LEADER 01065nam 2200373 450 001 990001003750203316 010 $a88-13-19856-6 035 $a0100375 035 $aUSA010100375 035 $a(ALEPH)000100375USA01 035 $a0100375 100 $a20020228d1996----km-y0itay0103----ba 101 $aita 102 $aIT 105 $a||||||||001yy 200 1 $a<> ultimo segretario$evita e carriera di Alessandro Natta 210 $aPadova$cCEDAM$d1996 215 $aXIII, 781 p.$d22 cm 225 2 $aBiblioteca di sociologia$v11 410 $12001$aBiblioteca di sociologia$v11 461 1$1001-------$12001 606 0 $aNetta, Alessandro$xBiografia 676 $a324.245075092 700 1$aTURI,$bPaolo$0312235 801 0$aIT$bsalbc$gISBD 912 $a990001003750203316 951 $aCOLL HRU$b12198 G$cCOLL HRU 959 $aBK 969 $aGIU 979 $aPATTY$b90$c20020228$lUSA01$h1052 979 $c20020403$lUSA01$h1742 979 $aPATRY$b90$c20040406$lUSA01$h1709 996 $aUltimo segretario$9890854 997 $aUNISA LEADER 01157nam1-2200373---450- 001 990001248040203316 005 20081209085723.0 035 $a000124804 035 $aUSA01000124804 035 $a(ALEPH)000124804USA01 035 $a000124804 100 $a20031106f---0---9km-y0itay50------ba 101 0 $aita 102 $aIT 105 $ay|||z|||001yy 200 1 $aEdizione nazionale delle opere di Leon Battista Alberti 210 $aFirenze$cPolistampa 215 $av.$d25 cm 225 2 $aStrumenti 410 0$12001$aStrumenti 463 \1$1001990001208830203316$12001 $aLeon Battista Alberti$ecensimento dei manoscritti 463 \1$1001990002463580203316$12001 $a<<1>>: Firenze 676 $a720 700 1$aALBERTI,$bLeon Battista$035951 801 0$aIT$bsalbc$gISBD 912 $a990001248040203316 951 $aVI.3.E. 270/(V A 1501/)$bL.M.$cVI.3. 959 $aBK 969 $aUMA 979 $aSIAV1$b10$c20031106$lUSA01$h1520 979 $aPATRY$b90$c20040406$lUSA01$h1729 979 $aANNAMARIA$b90$c20081209$lUSA01$h0857 996 $aEdizione nazionale delle opere di Leon Battista Alberti$9987875 997 $aUNISA LEADER 00841nam0-22003131i-450- 001 990000057430403321 005 20130514115601.0 010 $a88-207-0041-7 035 $a000005743 035 $aFED01000005743 035 $a(Aleph)000005743FED01 035 $a000005743 100 $a20020821d1979----km-y0itay50------ba 101 0 $aita 105 $aa---a---001yy 200 1 $aAppunti di statica grafica$eedizione 1970 con appendice$fCarmine Attaianese 210 $aNapoli$cLiguori$d1979 215 $a189 p.$cill.$d23 cm 610 0 $aStatica grafica 676 $a624.171 2 700 1$aAttaianese,$bCarmine 801 0$aIT$bUNINA$gRICA$2UNIMARC 901 $aBK 912 $a990000057430403321 952 $a10 A I 13$bdono$fDINEL 952 $a13 K 14 34$b2468$fFINBC 959 $aFINBC 959 $aDINEL 997 $aUNINA